000 004270000a22001810004500
999 _c48113
_d48113
001 933
003 CO-MdFUSB
005 20170830174020.0
008 170830b xxu||||| |||| 00| 0 eng d
020 _a84-246-5411-0
040 _cCO-MdBIC
082 0 4 _a863C Ab87r
100 1 _aAbril, Paco
245 1 0 _a¿Sois vosotros los reyes magos? / Paco Abril
260 _aBarcelona : La Galera
300 _a23 P.
942 _cLGB